|
|
แสดงรายละเอียดบรรณานุกรม |
|
|
Brief Record
: Get Marc (ISO 2709)
: E-mail record
: |
|
|
| LEADER 00000nama 2200000uu 4500 | |||
| 008 040531s|||| th m m a000 0 tha d | |||
| 020 974-93784-2-3 | |||
| 041 tha | |||
| 050 ML541.T5 ส625 2548 | |||
| 100 สารไท. | |||
| 245 คู่มือการเรียนดนตรีไทยแนวใหม่ แบบคาราโอเกะ. | |||
| 260 [กรุงเทพฯ]. โรงพิมพ์ตะวันออก. 2548. | |||
| 300 62หน้า. | |||
| 500 พร้อมซีดีสาธิตคาโอเกะ. | |||
| 600 การฝึกเป่าขลุ่ย--คู่มือ. | |||
| 650 ขลุ่ย. | |||
| 995 001 | |||
| คุณยังไม่ได้ล็อกอิน คุณสามารถมีกิจกรรมร่วมกับเว็บไซต์ได้ แต่ต้องล็อกอินก่อน :: |
|
| สถานะ | |||||||||
| 1. | หนังสือทั่วไป | ML541.T5 ส625 2548 | On Shelf ขอยืม | ||||||
| [แสดง 1/1 รายการ] | |||||||||
BibComment |
| คอมเมนท์ทรัพยากรรายการนี้ |
|
|